Every Retired Hurricane Name Since 2000 - Statistics

General Stats
  • This quiz has been taken 8 times
  • The average score is 12 of 46
Answer Stats
Hint Answer % Correct
2005 Katrina
100%
2016 Matthew
71%
2018 Michael
71%
2017 Harvey
57%
2017 Maria
57%
2001 Allison
43%
2004 Charley
43%
2007 Dean
43%
2019 Dorian
43%
2011 Irene
43%
2003 Isabel
43%
2004 Ivan
43%
2020 Laura
43%
2012 Sandy
43%
2005 Wilma
43%
2005 Dennis
29%
2018 Florence
29%
2022 Ian
29%
2021 Ida
29%
2008 Ike
29%
2017 Irma
29%
2004 Jeanne
29%
2005 Rita
29%
2020 Eta
14%
2007 Felix
14%
2022 Fiona
14%
2004 Frances
14%
2008 Gustav
14%
2010 Igor
14%
2013 Ingrid
14%
2020 Iota
14%
2002 Isidore
14%
2000 Keith
14%
2017 Nate
14%
2016 Otto
14%
2005 Stan
14%
2015 Erika
0%
2003 Fabian
0%
2001 Iris
0%
2015 Joaquin
0%
2003 Juan
0%
2002 Lili
0%
2001 Michelle
0%
2007 Noel
0%
2008 Paloma
0%
2010 Tomas
0%
No matching quizzes found
Score Distribution
Percent of People with Each Score
Percentile by Number Answered
Your Score History
You have not taken this quiz